000 01225nam a2200277Ia 4500
003 Ost
005 20260507075243.0
008 260507s9999||||xx |||||||||||||| ||und||
020 _a85645299579
040 _cfsecg
041 _aara
082 _a330
100 _aالنداف، عصام احمد
_eمؤلف
245 0 _aخزن استرجاع المعلومات /
_c عصام احمد النداف
260 _aعمان:
_bدار البداية,
_c2009
300 _a254 صفحة؛
_bإيضاحات ؛
_c24 سم
504 _aمراجع ص.254
520 _aأساسيات استرجاع المعلومات ، التحليل الموضوعي ، اللغة في الاسترجاع ، البحث في مراصد البيانات ، العوامل المؤثرة على الأداء في استرجاع المعلومات ، الطرق الآلية لاسترجاع المعلومات .
653 _aالمعلومات
653 _aتكنولوجيا المعلومات
653 _aخدمات المعلومات
653 _aعلم المعلومات
700 _aالشنطي، ايمن
_eمؤلف ثانوي
700 _aشقر، عامر عبد الله
_eمؤلف ثانوي
942 _cكتاب
999 _c43634
_d43634